000 00346 a2200157 4500
001 74383
020 _a
040 _cAnchieta - Colégio São Paulo
100 _aAraújo, Fernanda Regina Figueiredo de.
240 1 0 _aUçazinho
_lpor
245 1 0 _aUçazinho
300 _a32
362 0 _a2012
650 4 _aLiteratura infantil
942 _cBK
999 _c74383
_d74383